More Pictures by Letter - A - Statistics

General Stats
  • This quiz has been taken 169 times
  • The average score is 9 of 16
Answer Stats
Picture Answer % Correct
Audi
96%
Airport
93%
ABBA
85%
Atlantic Ocean
74%
Amsterdam
71%
Air Conditioning
67%
Amethyst
65%
Amber
61%
Asparagus
56%
Augustus
47%
Antarctica
46%
Andromeda
42%
Archbishop
31%
Alabama
29%
Archimedes
28%
Apocalypse
21%
No matching quizzes found
Score Distribution
Percent of People with Each Score
Percentile by Number Answered
Your Score History
You have not taken this quiz